Flag with crosses - Statistics

General Stats
  • This quiz has been taken 21 times
    8 since last reset
  • The average score is 30 of 32
Answer Stats
Picture Answer % Correct
Australia
100%
Denmark
100%
Dominican Republic
100%
England
100%
Fiji
100%
Finland
100%
Georgia
100%
Greece
100%
Iceland
100%
Jamaica
100%
Malta
100%
Montenegro
100%
New Zealand
100%
Norway
100%
Portugal
100%
Scotland
100%
Serbia
100%
Slovakia
100%
Spain
100%
Sweden
100%
Switzerland
100%
United Kingdom
100%
Vatican City
100%
San Marino
88%
Liechtenstein
75%
Marshall Islands
75%
Moldova
75%
Tonga
75%
Tuvalu
75%
Burundi
63%
Dominica
63%
Kyrgyzstan
63%
No matching quizzes found
Score Distribution
Percent of People with Each Score
Percentile by Number Answered
Your Score History
You have not taken this quiz since the last reset